| 000 | 00405nam a2200157Ia 4500 | ||
|---|---|---|---|
| 008 | 151213s9999 xx 000 0 und d | ||
| 100 | _aBappy Asraf…. | ||
| 245 |
_aAdobe Illustrator Version - 10-11.cs _cBappy Asraf…. |
||
| 250 | _a3rd | ||
| 260 |
_aDhaka _bGayrokoph Prokashons _c2006 |
||
| 300 | _a3523 p. | ||
| 650 | _aComputer | ||
| 650 | _aComputer | ||
| 700 | _aBappy Asraf…. | ||
| 999 |
_c2330 _d2330 |
||